| 000 | 02066nam a2200325 i 4500 | ||
|---|---|---|---|
| 001 | 991061720869206706 | ||
| 003 | ES-BaIT | ||
| 005 | 20260225135327.0 | ||
| 008 | 260225e202411 fr r 000 ddfre c | ||
| 020 | _a9782749816753 | ||
| 040 |
_aES-BaIT _bcat _erda _cES-BaIT |
||
| 080 | _a840-2"20" | ||
| 100 | 1 |
_aSénia, Cléo _eautor _9168702 |
|
| 245 | 1 | 0 |
_aMusic-Hall Colette / _cCléo Sénia, Léna Bréban, Alexandre Zambeaux |
| 264 | 1 |
_aParis : _bL'avant-scène théatre, _cnovembre 2024 |
|
| 300 |
_a46 pàgines ; _c21 cm |
||
| 336 |
_atext _btxt _2rdacontent |
||
| 337 |
_asense mediació _bn _2rdamedia |
||
| 338 |
_avolum _bnc _2rdacarrier |
||
| 490 | 1 |
_aL' Avant-scène théâtre ; _vno 1566 |
|
| 500 | _aP3: D3 i altres | ||
| 500 | _aPublicat com no 1566 (novembre 2024) de la revista L'Avant-scène théâtre | ||
| 500 | _aEstrena al Théâtre Tristan Bernard, París el 26 de gener de 2024 | ||
| 520 | _a"Music-Hall Colette nous entraîne dans la vie haute en couleur de celle qui devint l'une des grandes plumes et personnalités de son temps : Gabrielle-Sidonie Colette. Des pantomimes légères du Moulin-Rouge à l'Académie Goncourt, du journalisme à la création d'un institut de beauté, de ses liasons scandaleuses aux obsèques nationales, Colette était une figure complexe, libre et moderne. Elle bouscule les codes d'une époque gouvernée par le patriarcat, la censure et les règles de bienséance. Feuille après feuille, de tissu ou de papier, la vie hors-norme de Colette s'effeuille dans cette pièce musicale au fil d'une narration en miroir avec notre époque. Cette pièce est écrit à six mains par Cléo Sénia, actrice et artiste de music-hall jouant seule sur scène, Léna Bréban, actrice, autrice et meteusse en scène, et Alexandre Zambeaux, acteur et auteur"-- Contracoberta | ||
| 600 | 0 | 0 |
_aColette, _d1873-1954 _vTextos dramàtics _9168703 |
| 700 | 1 |
_aBréban, Léna _eautor _9168704 |
|
| 700 | 1 |
_aZambeaux, Alexandre _eautor _9168705 |
|
| 830 |
_aAvant-scène. _pThéâtre _vno 1566 _9168170 |
||
| 942 |
_2udc _c1 |
||
| 999 |
_c137145 _d137145 |
||